000 00855nam a2200301 a 4500
003 AR-BaBNM
005 20251128203820.0
008 082120s2002 ||||||||||||||000 | spa||
040 _cAR-BaBNM
100 1 _aCambiaso de Ageno, Ethel
245 0 0 _aUna experiencia en la enseñanza de las ciencias sociales
250 _a1ª ed.
260 _aRosario
_bBiblioteca
_c1972
300 _a55 p.
_bil.
490 0 _aPraxis
_vv. 12
504 _aBibliografía p. 54
650 4 _aENSEÑANZA DE LAS CIENCIAS SOCIALES
650 4 _aOBJETIVOS EDUCACIONALES
650 4 _aGUIA DEL ESTUDIANTE
650 4 _aENTREVISTAS
650 4 _aACTIVIDADES INTEGRADAS
650 4 _aACTIVIDADES DE APRENDIZAJE
653 _aEXPERIENCIAS EDUCATIVAS
700 1 _aAgeno, Raúl Mario
800 1 _aAgeno, Raúl Mario
_edirector
942 _cBK
998 _cCarmen
999 _c5018
_d5018